[Event "Titled Tuesday intern op 31st Jan Early"]
[Site "Chess.com INT"]
[Date "2023.01.31"]
[Round "4"]
[White "Martin Fuentes, Alberto"]
[Black "Wahedi, Ahmad Siar"]
[Result "1-0"]
[WhiteElo "2393"]
[BlackElo "2260"]
[PlyCount "127"]
[EventDate "2023.01.31"]
[EventType "swiss (blitz)"]
[EventRounds "11"]
[EventCountry "USA"]
[SourceTitle "CBM 212 Extra"]
[Source "ChessBase"]
[SourceDate "2023.03.31"]
[SourceVersion "1"]
[SourceVersionDate "2023.03.31"]
[SourceQuality "1"]

1. e4 e6 2. Nf3 c5 3. Nc3 Nc6 4. d4 cxd4 5. Nxd4 Nf6 6. Nxc6 dxc6 7. Qxd8+ Kxd8 8. Bg5 Be7 9. 0-0-0+ Nd7 10. Be3 b6 11. f4 Bb7 12. Be2 Kc7 13. Bf3 e5 14. Bg4 Rad8 15. Bxd7 Rxd7 16. fxe5 Rhd8 17. Rxd7+ Rxd7 18. Bf4 Kd8 19. Rd1 Rxd1+ 20. Kxd1 Kd7 21. Ke2 Ke6 22. Kf3 Bd8 23. Ne2 c5 24. Bg3 g5 25. Nc1 h5 26. h3 Bc7 27. h4 g4+ 28. Ke3 f6 29. Nd3 c4 30. Nf4+ Kf7 31. e6+ Ke8 32. Nxh5 Be5 33. Bxe5 fxe5 34. Nf6+ Ke7 35. Nxg4 Kxe6 36. Nf2 Bc6 37. g4 Be8 38. Nh1 Kf6 39. Ng3 Bd7 40. g5+ Kg6 41. b3 cxb3 42. cxb3 a5 43. Kd3 Be6 44. Kc3 b5 45. a3 Bd7 46. b4 a4 47. Kd3 Bg4 48. Ke3 Be6 49. Kf3 Bd7 50. Nf5 Be6 51. Kg3 Bd7 52. Kg4 Be6 53. h5+ Kf7 54. Kh4 Bd7 55. Nh6+ Kg7 56. Ng4 Be6 57. g6 Bb3 58. Kg5 Bc2 59. h6+ Kf8 60. g7+ Kf7 61. Nf6 Ke7 62. g8Q Bb3 63. Qe8+ Kd6 64. Qd7# 1-0

[Event "Titled Tuesday intern op 31st Jan Early"]
[Site "Chess.com INT"]
[Date "2023.01.31"]
[Round "3"]
[White "Wahedi, Ahmad Siar"]
[Black "Belozerov, Andrei"]
[Result "0-1"]
[WhiteElo "2260"]
[BlackElo "2460"]
[PlyCount "84"]
[EventDate "2023.01.31"]
[EventType "swiss (blitz)"]
[EventRounds "11"]
[EventCountry "USA"]
[SourceTitle "CBM 212 Extra"]
[Source "ChessBase"]
[SourceDate "2023.03.31"]
[SourceVersion "1"]
[SourceVersionDate "2023.03.31"]
[SourceQuality "1"]

1. e4 c5 2. Nf3 Nc6 3. Nc3 g6 4. d4 cxd4 5. Nxd4 Bg7 6. Be3 Nf6 7. f3 0-0 8. Qd2 d5 9. exd5 Nxd5 10. Nxc6 bxc6 11. 0-0-0 Rb8 12. Bd4 e5 13. Bc5 Be6 14. Bc4 Re8 15. Ne4 h6 16. Kb1 f5 17. Nc3 e4 18. Bxd5 Bxd5 19. Bd4 exf3 20. Bxg7 Kxg7 21. Nxd5 cxd5 22. Qc3+ Qf6 23. Qxf6+ Kxf6 24. gxf3 Re3 25. Rhf1 Ke5 26. Kc1 g5 27. Rf2 d4 28. b3 h5 29. Kb2 g4 30. fxg4 hxg4 31. Rfd2 Rd8 32. Rf2 f4 33. Rg1 Rg8 34. Rfg2 f3 35. Rd2 Ke4 36. Rgd1 Rd8 37. Rg1 Kf4 38. Rgd1 Re2 39. Rxd4+ Rxd4 40. Rxd4+ Ke3 41. Rd8 f2 42. Rf8 Re1 0-1